| 000 | 00891cam a22002893a 4500 | ||
|---|---|---|---|
| 001 | 8083 | ||
| 003 | PGUSA | ||
| 005 | 20140828083152.0 | ||
| 008 | 050501s2005||||xxu|||||s|||||000 1 eng d | ||
| 040 |
_aPGUSA _beng |
||
| 042 | _adc | ||
| 050 | 4 | _aPZ | |
| 100 | 1 | _aEddy, Velda Allis | |
| 245 | 1 | 4 |
_aThe Allis Family; or, Scenes of Western Life _h[electronic resource] / _cVelda Allis Eddy |
| 260 |
_bProject Gutenberg, _c2005 |
||
| 506 | _aPublic domain in the USA. | ||
| 516 | _aElectronic text | ||
| 653 | _aFarm life -- Juvenile fiction | ||
| 653 | _aChristian life -- Juvenile fiction | ||
| 653 | _aPrairies -- Juvenile fiction | ||
| 653 | _aPrairie animals -- Juvenile fiction | ||
| 653 | _aWest (U.S.) -- Juvenile fiction | ||
| 700 | 1 | _aAmerican Sunday-School Union | |
| 830 | 0 |
_aProject Gutenberg _v8083 |
|
| 856 | 4 | 0 | _uhttp://www.gutenberg.org/ebooks/8083 |
| 942 | _cEB | ||
| 999 |
_c237383 _d237383 |
||